| 000 | 01111nam a22002897a 4500 | ||
|---|---|---|---|
| 999 |
_c44775 _d44775 |
||
| 001 | 18326 | ||
| 003 | CO-MdFUSB | ||
| 005 | 20180622073155.0 | ||
| 008 | 180503t2010 sp ||||| |||| 00| 0 spa d | ||
| 020 | _a978-84-9945-126-8 | ||
| 040 |
_aCO-MdFUSB _bspa _cCO-MdFUSB _dCO-MdFUSBC _erda |
||
| 041 |
_aspa _hfre |
||
| 082 | 0 | 4 | _aG 229.07 G711a |
| 100 | 1 |
_aGounelle, Rémi (Dir.) _eautor |
|
| 245 | 4 |
_aLos apócrifos cristianos en sus textos _c/ Dirigido por Rémi Gounelle ; traducido por Pedro Borrado y María del Pilar Salas. |
|
| 264 | 4 |
_aEstrella : _bVerbo Divino, _c©2010 |
|
| 300 | _a186 p. | ||
| 336 |
_2rdacontent _atexto _btxt |
||
| 337 |
_2rdamedia _asin mediación _bn |
||
| 338 |
_2rdacarrier _avolumen _bnc |
||
| 500 | _aTítulo original: Lire dans le texte les apocryphes chrétiens | ||
| 501 | _aRústico | ||
| 505 | 0 | 0 | _a¿Qué es un apócrifo? -- Textos relativos a José, María y Jesús -- Textos relativos a los apóstoles y los discípulos -- personajes del Antiguo Testamento -- los apócrifos hoy |
| 653 | _aLibros apócrifos | ||
| 653 | _aBiblia A.T. - Apócrifos | ||
| 942 | _cBK | ||